000 00855cam a22002777a 4500
003 CHAP
005 20220329141711.0
008 971013s1911 r 00010 d
010 _a72449
011 _a73421
035 _a82978
040 _cCHAP
090 _aFolleto 5994
100 0 0 _aBano, José de.
_99976
245 0 _aInstrucciones generales sobre la fabricación de vino de frutas
260 _aMéxico, D. F. :
_bDirección General de Agricultura,
_c1911
300 _a17 p.
_b: ilus.
590 _aBATCH-UPD
_b10
_c20130110
_lUCH01
_h0425
590 _aBATCH-UPD
_b10
_c20130410
_lUCH01
_h0100
590 _aBATCH-UPD
_b10
_c20130914
_lUCH01
_h0534
590 _aCONVERSION
_b10
_c20130109
_lUCH01
_h1340
650 1 4 _aVino
_xElaboración.
_9119861
901 _aBK
942 _cFOLL
949 _aFolleto 5994
_bBC
_cBPP
_d-37274
_eBPP
_i82978
_mD
_si
999 _c72449
_d72449